Sociálne a zdravotné poistenie v roku 2014
Najdôležitejšie zmeny v znení novely č. 338/2013 Z.z. zákona č. 461/2003Z.z. o sociálnom poistení platné od 1. januára 2014.
Salvato in:
| Autore principale: | |
|---|---|
| Natura: | Capitolo di libro |
| Lingua: | slovacco |
| Soggetti: | |
| Tags: |
Nessun Tag, puoi essere il primo ad aggiungerne!!
|
MARC
| LEADER | 00000naa a2200000 4500 | ||
|---|---|---|---|
| 001 | 0183121 | ||
| 005 | 20240502073130.4 | ||
| 041 | 0 | |a slo | |
| 044 | |a SK | ||
| 245 | 1 | 0 | |a Sociálne a zdravotné poistenie v roku 2014 |c Renáta Pakšiová |
| 520 | |a Najdôležitejšie zmeny v znení novely č. 338/2013 Z.z. zákona č. 461/2003Z.z. o sociálnom poistení platné od 1. januára 2014. | ||
| 610 | 2 | 0 | |a poistenie sociálne |
| 610 | 2 | 0 | |a poistenie zdravotné |
| 610 | 2 | 0 | |a zákony |
| 610 | 2 | 0 | |a novelizácia |
| 610 | 2 | 0 | |a Slovensko |
| 100 | 1 | |a Pakšiová, Renáta, 1974- | |